000 00471nam a2200181Ia 4500
001 24729
005 20260414151102.0
008 260414t2023||||xx |||||||||||||| ||spa||
041 _aESP
082 _a345.726
_bA49
100 _aÁlvarez Alarcón, Arturo,
_eAUT
245 0 _aEl recurso de casación y el nuevo rol de la sala civil suprema
_b
260 _c2023
300 _a431 páginas :
_c25 cm.
650 _aDER
654 _aCDE
942 _cLIB
_dJUS
_fJUS
_2ddc
_n
999 _c24729
_d24729